00586nam a2200169 a 4500008004100000020001800041050002100059100001800080245009800098260003000196300002200226350001000248650004300258650002800301650004300329650004400372160425s2011 ||||||||||||||||| || u a9781439840221 aJF 1525.P67 Tee  aTeeuwen, Bert10aLean for the public sector: the pursuit of perfection in government servicescBy Bert Teeuwen aNew YorkbCRC Pressc2011 axvii, 205p.: ill. a37.95 aGOVERNMENT PRODUCTIVITY -- MEASUREMENT aGovernment productivity aADMINSTRATIVE AGENCIES--REORGANIZATION aEXECUTIVE DEPARTMENTS -- REORGANIZATION